Az acélt megedzik regény

Bibliographic Details
Main Author: Ostrovskij, Nikolaj Aleksejevič, 1904-1936 (Author)
Other Authors: Kerek, Ernő (Translator), Radó, György, 1912-1994 (Translator)
Format: Book
Language:Hungarian
Russian
PhysicalDescription:463 s. 19 cm
Published: Budapest Európa könyvkiadó 1976
ISBN:9630706059
Edition:[1. kiad.]
Series:A Szovjet Irodalom Könyvtára
Subjects:

MARC

LEADER 00000cam a2200000 a 4500
001 vtls008412324
003 SK-MaSNL
005 20260301165222.0
008 250313s1976 hu a gr 000 f hun
020 |a 9630706059  |q (viaz.) 
035 |a AE69348B-7D78-4B9A-B1C7-254C31461AF0 
035 |a urn:nbn:sk:snk-amybvi 
035 |a urn:nbn:sk:snk-am00cfe1 
040 |a SNK  |b slo  |c SNK  |e AACR2 
041 1 |a hun  |h rus 
044 |a hu  |c HU 
072 7 |a 821.161.1  |x Ruská literatúra  |2 konspekt 
080 |a 821.161.1-31  |2 2011 
100 1 |a Ostrovskij, Nikolaj Aleksejevič,  |d 1904-1936  |4 aut  |9 123328 
240 1 0 |a Kak zakaljalas stal'  |l Maďarsky 
245 1 3 |a Az acélt megedzik  |b regény  |c Nyikolaj Osztrovszkij ; fordította: Kerek Ernő, Radó György 
250 |a [1. kiad.] 
260 |a Budapest  |b Európa könyvkiadó  |c 1976 
300 |a 463 s.  |c 19 cm 
490 1 |a A Szovjet Irodalom Könyvtára 
504 |a Pozn. 
655 7 |a ruské romány  |2 SNKPH  |9 70514 
700 1 |a Kerek, Ernő  |4 trl  |9 533645 
700 1 |a Radó, György,  |d 1912-1994  |4 trl  |9 62280 
830 0 |a A Szovjet Irodalom Könyvtára  |9 533646 
852 |a Slovenská národná knižnica 
919 |a 963 07 0605 9 
954 |a beletria cudzojazyčná (svetová)  |2 lita 
958 |a OND 
999 |c 823452  |d 825382 
952 |a SNK  |b SNK  |y PREZ  |7 0  |p 17A0491681  |o snkSD 75240  |i snk2005/20371  |8 1  |0 0  |1 0  |4 0  |d 2005-11-29  |f 1  |l 0  |r 2025-11-24 00:00:00  |w 2026-02-24